Statistics for Simpsons Episodes

Click here to take the quiz!

General Stats

  • This quiz has been taken 85 times
  • The average score is 49 of 203

Answer Stats

Season/Episode #Episode Title% Correct
Season 1 Episode 1Simpsons Roasting on an Open Fire
87%
Season 1 Episode 5Bart the General
80%
Season 1 Episode 2Bart the Genius
80%
Season 1 Episode 3Homer's Odyssey
80%
Season 1 Episode 13Some Enchanted Evening
73%
Season 2 Episode 3Treehouse of Horror
73%
Season 1 Episode 6Moaning Lisa
67%
Season 1 Episode 4There's No Disgrace Like Home
67%
Season 6 Episode 25Who Shot Mr. Burns? Part 1
67%
Season 7 Episode 1Who Shot Mr. Burns? Part 2
67%
Season 1 Episode 7The Call of the Simpsons
60%
Season 3 Episode 7Treehouse of Horror II
60%
Season 5 Episode 5Treehouse of Horror IV
60%
Season 6 Episode 6Treehouse of Horror V
60%
Season 7 Episode 6Treehouse of Horror VI
60%
Season 2 Episode 1Bart Gets an F
53%
Season 1 Episode 10Homer's Night Out
53%
Season 1 Episode 12Krusty Gets Busted
53%
Season 1 Episode 9Life on the Fast Lane
53%
Season 1 Episode 11The Crepes of Wrath
53%
Season 4 Episode 5Treehouse of Horror III
53%
Season 8 Episode 1Treehouse of Horror VII
53%
Season 9 Episode 4Treehouse of Horror VIII
53%
Season 2 Episode 7Bart vs. Thanksgiving
47%
Season 2 Episode 8Bart the Daredevil
40%
Season 8 Episode 23Homer's Enemy
40%
Season 2 Episode 4Two Cars in Every Garage and Three Eyes on Every Fish
40%
Season 7 Episode 19A Fish Called Selma
33%
Season 6 Episode 18A Star Is Burns
33%
Season 2 Episode 10Bart Gets Hit by a Car
33%
Season 2 Episode 5Dancin' Homer
33%
Season 3 Episode 10Flaming Moe's
33%
Season 2 Episode 9Itchy and Scratchy and Marge
33%
Season 6 Episode 24Lemon of Troy
33%
Season 2 Episode 19Lisa's Substitute
33%
Season 3 Episode 2Mr. Lisa Goes to Washington
33%
Season 4 Episode 9Mr. Plow
33%
Season 2 Episode 11One Fish, Two Fish, Blowfish, Blue Fish
33%
Season 7 Episode 2Radioactive Man
33%
Season 2 Episode 2Simpson and Delilah
33%
Season 3 Episode 1Stark Raving Dad
33%
Season 9 Episode 1The City of New York vs. Homer Simpson
33%
Season 9 Episode 2The Principal and the Pauper
33%
Season 3 Episode 3When Flanders Failed
33%
Season 7 Episode 2122 Short Films About Springfield
27%
Season 6 Episode 1Bart of Darkness
27%
Season 2 Episode 16Bart's Dog Gets an F
27%
Season 3 Episode 23Bart's Friend Falls in Love
27%
Season 6 Episode 7Bart's Girlfriend
27%
Season 6 Episode 16Bart vs. Australia
27%
Season 2 Episode 22Blood Feud
27%
Season 2 Episode 6Dead Putting Society
27%
Season 3 Episode 5Homer Defined
27%
Season 5 Episode 16Homer Loves Flanders
27%
Season 4 Episode 1Kamp Krusty
27%
Season 7 Episode 7King-Size Homer
27%
Season 5 Episode 21Lady Bouvier's Lover
27%
Season 4 Episode 10Lisa's First Word
27%
Season 7 Episode 5Lisa the Vegetarian
27%
Season 7 Episode 11Marge Be Not Proud
27%
Season 4 Episode 12Marge vs. the Monorail
27%
Season 4 Episode 13Selma's Choice
27%
Season 4 Episode 18So It's Come to This: A Simpsons Clip Show
27%
Season 7 Episode 18The Day the Violence Died
27%
Season 1 Episode 8The Telltale Head
27%
Season 2 Episode 20The War of the Simpsons
27%
Season 2 Episode 12The Way We Was
27%
Season 2 Episode 21Three Men and a Comic Book
27%
Season 7 Episode 13Two Bad Neighbours
27%
Season 8 Episode 2You Only Move Twice
27%
Season 8 Episode 6A Milhouse Divided
20%
Season 6 Episode 13And Maggie Makes Three
20%
Season 6 Episode 3Another Simpsons Clip Show
20%
Season 4 Episode 2A Streetcar Named Marge
20%
Season 5 Episode 17Bart Gets an Elephant
20%
Season 5 Episode 12Bart Gets Famous
20%
Season 7 Episode 20Bart on the Road
20%
Season 7 Episode 15Bart the Fink
20%
Season 3 Episode 16Bart the Lover
20%
Season 3 Episode 4Bart the Murderer
20%
Season 5 Episode 18Burns' Heir
20%
Season 5 Episode 15Deep Space Homer
20%
Season 3 Episode 15Homer Alone
20%
Season 3 Episode 17Homer at the Bat
20%
Season 6 Episode 9Homer Badman
20%
Season 7 Episode 24Homerpalooza
20%
Season 5 Episode 1Homer's Barbershop Quartet
20%
Season 4 Episode 11Homer's Triple Bypass
20%
Season 4 Episode 3Homer the Heretic
20%
Season 7 Episode 17Homer the Smithers
20%
Season 5 Episode 11Homer the Vigilante
20%
Season 2 Episode 13Homer vs. Lisa and the 8th Commandment
20%
Season 4 Episode 15I Love Lisa
20%
Season 6 Episode 4Itchy & Scratchy Land
20%
Season 3 Episode 6Like Father, Like Clown
20%
Season 6 Episode 8Lisa on Ice
20%
Season 3 Episode 8Lisa's Pony
20%
Season 6 Episode 2Lisa's Rival
20%
Season 4 Episode 4Lisa the Beauty Queen
20%
Season 7 Episode 16Lisa the Iconoclast
20%
Season 9 Episode 24Lost Our Lisa
20%
Season 9 Episode 10Miracle on Evergreen Terrace
20%
Season 7 Episode 8Mother Simpson
20%
Season 7 Episode 23Much Apu About Nothing
20%
Season 8 Episode 17My Sister, My Sitter
20%
Season 9 Episode 25Natural Born Kissers
20%
Season 2 Episode 15Oh Brother, Where Art Thou?
20%
Season 2 Episode 17Old Money
20%
Season 2 Episode 14Principal Charming
20%
Season 5 Episode 10$pringfield (Or, How I Learned to Stop Worrying and Love Legalized Gambling)
20%
Season 5 Episode 4Rosebud
20%
Season 3 Episode 9Saturdays of Thunder
20%
Season 5 Episode 22Secrets of a Successful Marriage
20%
Season 7 Episode 25Summer of 4 Ft.2
20%
Season 8 Episode 14The Itchy & Scratchy & Poochie Show
20%
Season 5 Episode 9The Last Temptation of Homer
20%
Season 6 Episode 21The PTA Disbands
20%
Season 8 Episode 25The Secret War of Lisa Simpson
20%
Season 6 Episode 23The Springfield Connection
20%
Season 8 Episode 10The Springfield Files
20%
Season 9 Episode 22Trash of the Titans
20%
Season 9 Episode 11All Singing, All Dancing
13%
Season 6 Episode 14Bart's Comet
13%
Season 7 Episode 4Bart Sells His Soul
13%
Season 3 Episode 21Black Widower
13%
Season 3 Episode 24Brother, Can You Spare Two Dimes?
13%
Season 8 Episode 16Brother from Another Series
13%
Season 4 Episode 14Brother from the Same Planet
13%
Season 2 Episode 18Brush with Greatness
13%
Season 8 Episode 4Burns, Baby Burns
13%
Season 3 Episode 11Burns Verkaufen der Kraftwerk
13%
Season 5 Episode 2Cape Feare
13%
Season 3 Episode 20Colonel Homer
13%
Season 9 Episode 14Das Bus
13%
Season 3 Episode 19Dog of Death
13%
Season 4 Episode 16Duffless
13%
Season 9 Episode 16Dumbbell Indemnity
13%
Season 8 Episode 9El Viaje Misterioso de Nuestro Jomer (The Mysterious Voyage of Homer)
13%
Season 8 Episode 19Grade School Confidential
13%
Season 6 Episode 10Grampa vs. Sexual Inadequacy
13%
Season 5 Episode 13Homer and Apu
13%
Season 5 Episode 3Homer Goes to College
13%
Season 8 Episode 15Homer's Phobia
13%
Season 6 Episode 12Homer the Great
13%
Season 8 Episode 18Homer vs. the Eighteenth Amendment
13%
Season 7 Episode 3Home Sweet Homediddly-Dum-Doodily
13%
Season 6 Episode 15Homie the Clown
13%
Season 8 Episode 8Hurricane Neddy
13%
Season 3 Episode 12I Married Marge
13%
Season 8 Episode 22In Marge We Trust
13%
Season 4 Episode 6Itchy & Scratchy: The Movie
13%
Season 4 Episode 22Krusty Gets Kancelled
13%
Season 4 Episode 17Last Exit to Springfield
13%
Season 9 Episode 3Lisa's Sax
13%
Season 6 Episode 19Lisa's Wedding
13%
Season 3 Episode 14Lisa the Greek
13%
Season 9 Episode 17Lisa the Simpson
13%
Season 5 Episode 14Lisa vs. Malibu Stacy
13%
Season 4 Episode 7Marge Gets a Job
13%
Season 4 Episode 21Marge in Chains
13%
Season 5 Episode 6Marge on the Lam
13%
Season 8 Episode 12Mountain of Madness
13%
Season 4 Episode 8New Kid on the Block
13%
Season 3 Episode 13Radio Bart
13%
Season 6 Episode 22Round Springfield
13%
Season 7 Episode 14Scenes from the Class Struggle in Springfield
13%
Season 7 Episode 9Sideshow Bob's Last Gleaming
13%
Season 8 Episode 13Simpsoncalifragilisticexpiala(Annoyed Grunt)cious
13%
Season 5 Episode 19Sweet Seymour Skinner's Baadasssss Song
13%
Season 7 Episode 12Team Homer
13%
Season 5 Episode 20The Boy Who Knew Too Much
13%
Season 8 Episode 20The Canine Mutiny
13%
Season 4 Episode 19The Front
13%
Season 8 Episode 3The Homer They Fall
13%
Season 9 Episode 15The Last Temptation of Krust
13%
Season 8 Episode 21The Old Man and the Lisa
13%
Season 3 Episode 22The Otto Show
13%
Season 7 Episode 10The Simpsons 138th Episode Spectacular
13%
Season 8 Episode 24The Simpsons Spin-Off Showcase
13%
Season 8 Episode 11The Twisted World of Marge Simpson
13%
Season 9 Episode 18This Little Wiggy
13%
Season 6 Episode 20Two Dozen and One Greyhounds
13%
Season 8 Episode 5Bart After Dark
7%
Season 9 Episode 12Bart Carny
7%
Season 5 Episode 7Bart's Inner Child
7%
Season 9 Episode 6Bart Star
7%
Season 5 Episode 8Boy-Scoutz n the Hood
7%
Season 6 Episode 11Fear of Flying
7%
Season 9 Episode 21Girly Edition
7%
Season 6 Episode 17Homer vs. Patty & Selma
7%
Season 9 Episode 23King of the Hill
7%
Season 8 Episode 7Lisa's Date with Destiny
7%
Season 9 Episode 8Lisa the Skeptic
7%
Season 7 Episode 22Raging Abe Simpson and His Grumbling Grandson in 'The Curse of the Flying Hellfish'
7%
Season 9 Episode 9Reality Bites
7%
Season 3 Episode 18Seperate Vocations
7%
Season 6 Episode 5Sideshow Bob Roberts
7%
Season 9 Episode 19Simpson Tide
7%
Season 9 Episode 5The Cartridge Family
7%
Season 9 Episode 13The Joy of Sect
7%
Season 9 Episode 20The Trouble with Trillions
7%
Season 9 Episode 7The Two Mrs. Nahasapeemapetilons
7%
Season 4 Episode 20Whacking Day
7%

Score Distribution

Percentile by Number Answered

Percent of People with Each Score

Your Score History

You have not taken this quiz